00724cam a2200217Mu 450000500170000000800410001702000180005803500210007604000500009704100080014710000320015524500770018725000100026426000440027430000230031849000410034150400410038265000300042365000350045365000180048820151006125353.0151006s2015 gw fr 000 0 ger d a9783465042341 a(OCoLC)908610402 aCO-BoUCMbspacSandra PalaciodSandra Palacio0 ager1 aMannheim, Karld1893 - 194710aIdeologie und Utopie cKarl Mannheim, introducción por Jürgen Kaube a9a ed aHamburgo (Alemania) bKlostermannc2015 axvi, 302 páginas1 aKlostermann RoteReihev75x1865-7095 aIncluye referencias bibliográficas 7aIdeologías políticas  7aSociología del conocimiento  7aSociología